00753cam a22001814a 4500008004100000020001800041040006000059041000800119100002000127245009400147260006100241300004000302504005300342650002900395650006200424650006300486700002200549130821s2011 xxua gr eng  a9781439813263 aCO-BoUCMbspacAngélica ChartanodAldemar Mondragón00aeng1 aBerridge, Damon10aMultivariate Generalized Linear Mixed Models Using RcDamon M. Berridge, Robert Crouchley aBoca Ratón (Florida, Estados Unidos)bCRC Presscc2011 axxiii, 280 páginasbilustraciones aIncluye referencias bibliográficas e índices 7aAnálisis multivariante 7aCiencias socialesxInvestigacionesxModelos matemáticos 7aCiencias socialesxInvestigacionesxProcesamiento de datos1 aCrouchley, Robert